000 00726nam a2200289Ia 4500
005 20260324143828.0
008 008 260324s9999 xx 000 0 eng d
020 _a9780429078972
037 _aEBOOK
040 _aCRL
040 _beng
040 _cCRL
041 _2eng
041 _aeng
084 _qCRL
100 _aM. Fickelson
_91217079
245 0 _aTest Quality for Construction, Materials and Structures
245 0 _bProceedings of the International RILEM/ILAC Symposium
260 _bTaylor and Francis
260 _c1990
365 _a
365 _b600
856 _uhttp://www.taylorfrancis.com/books/9780429078972
942 _cEBOOK
999 _c1822936
_d1822936